| 000 | 00307 a2200133 4500 | ||
|---|---|---|---|
| 001 | 66878 | ||
| 020 | _a9781580535205 | ||
| 082 | _a621.384 IMA | ||
| 090 |
_c38584 _d38584 |
||
| 100 | _aImai, H | ||
| 245 | _aWireless Communications Security | ||
| 260 |
_bElsevier _alondon _c2006 |
||
| 300 | _axi, 179 p | ||
| 942 |
_aNUST-CAE _k621.384 IMA |
||
| 999 |
_c301951 _d301951 |
||